O espaço será pequeno (Registo nº 200994)

Detalhes MARC
000 -Etiqueta do registo
Valores 00694nam 22002053 4500
100 ## - Dados gerais de processamento
Dados gerais 20260305d u||y0pory50 ba
200 ## - Titulo e menção de responsabilidade
Título próprio O espaço será pequeno
Primeira menção de responsabilidade Fredric Brown
Outras menções de responsabilidade tradução de Mário Henrique Leiria
210 ## - Publicação
Local de publicação Lisboa
Nome do editor Livros do Brasil
Data de publicação [19--?]
215 ## - Descrição física 
Paginação / Volumes 177, [7] p.
Outras indicações físicas brochado
Dimensões 16 cm
225 ## - Colecção 
Título próprio da colecção Argonauta
Indicação de volume 68
317 ## - Nota de proveniência
Texto da nota . - Oferta com dedicatória do escritor ao Prof. Dr. Almeida Faria
606 ## - Nome comum usado como assunto
ID Autoridade 16
Palavra de ordem Literatura Americana
675 ## - CDU
Notação 821.111(73)-3
Edição PT
Língua por
700 ## - Autor principal (pessoa individual)
ID Autoridade 16664
Apelido Brown
Nome Fredric
Datas 1906-1972
702 ## - Autor secundário (pessoa individual)
ID Autoridade 9752
Apelido Leiria
Nome Mário Henrique
801 ## - Fonte de origem
País PT
Agência BMMN
Regras de catalogação RPC
830 ## - Notas gerais do catalogador
Criado por Ana Falardo
Indexado por Ana Falardo
990 ## - Elementos KOHA
Tipo de documento Livro
Exemplares
Situação do levantamento Biblioteca de origem Código de barras Cota Permissão de empréstimo Tipo de documento Nota relativa ao exemplar Forma de aquisição
  Biblioteca Municipal de Montemor-o-Novo 30260 821.111(73)-3 BRO|SAF   Livro Acesso condicionado Oferta

Powered by Koha